Baseball Trivia Challenge - Statistics

General Stats
  • This quiz has been taken 40 times
  • The average score is 7 of 10
Answer Stats
Question Answer % Correct
Which of these logos is the correct MLB logo?
91%
Which two players have won MVP in their respective league the last two years? Shohei Ohtani/Aaron Judge
88%
What baseball movie featured the famous line “You’re killing me, smalls”? The Sandlot
88%
Which year did the Yankees most recently win the World Series? 2009
76%
Who has the all-time record for lifetime batting average? (Not including Negro Leagues) Ty Cobb
71%
What statistic, invented by Bill James, is used to measure how good a player is in comparison to a replacement-level player in AAA? WAR
71%
Which MLB team most recently moved cities? Athletics
65%
Who had the record for single-season home runs before Mark McGwire broke it? Roger Maris
59%
What is the name of the professional baseball league in Korea? KBO (Korean Baseball Organization)
44%
Who won World Series MVP in 2008? Cole Hamels
21%
No matching quizzes found
Score Distribution
Percent of People with Each Score
Percentile by Number Answered
Your Score History
You have not taken this quiz